000 00518nam a2200181Ia 4500
001 18943
005 20260306171707.0
008 260306s9999||||xx |||||||||||||| ||und||
041 _aESP
082 _a658.562
_bM61 2004
100 _aEspaña. Ministerio de Administraciones Públicas
_eAUT
245 0 _aModelo EFQM de excelencia. Caso práctico para la administración pública:
_bboletín oficial del estado
260 _c2004
300 _a
_c
650 _aGEN
654 _aCAN
942 _cLIB
_dJUS
_fJUS
_2ddc
_n
999 _c18943
_d18943